000 00398cam a22001337a 4500
008 180718b1996 xxu||||| |||| 00| 0 eng d
082 _aI513 R18
100 _aRao, M. Gangadhara
245 _aInterpersonal attraction and behaviour
_cby M. Gangadhara Rao and Surya P. Rao
260 _aNew Delhi
_bKanishka
_c1996
300 _a347p.
650 _aOrganizational behaviour
700 _aRao, Surya P.
999 _c379976
_d379976